000 01155nam a22002897a 4500
001 9275
003 FISKH
005 20251209082422.0
008 251209b cb ||||| |||| 00| 0 eng d
020 _a9780887432682
040 _aFISKH
_beng
_cFISKH
_dFISKH
050 _aLB1525.L22
082 _a813.6
100 _aHoffman, Joan
_eAuthor
245 _aThe last chance :
_bA start to read! book /
_cWritten by Joan Hoffman ; Illustrated by Mick Reid
260 _aMichigan :
_bSchool Zone Publishing ,
_c1993
300 _a16 unnumbered pages :
_bcolor illustrations ;
_c23 cm
505 _aJ
520 _aSchool Zone Start to Read! Books present beginning readers with a variety of captivating stories told through rhyme, rhythm, and repetition for easy reading. Each book builds children's reading vocabulary and features an exciting or amusing plot with beautiful illustrations that support and extend the text.
521 8 _a500
_bLexile estimate
521 8 _aJ
_bRaz-Plus
650 _aChildren's books
_vEarly reader
650 _aSports
_vBaseball
700 _aReid, Mick
_eIllustrator
942 _2ddc
_cBK
_n0
999 _c9275
_d9275